000 00811nam a22001337a 4500
040 _cRUA
082 _aAGR HEY 2003 B029 Or.1
100 _aHEY SARUN
245 _aThe comearision study on the age of seedling on rice yield in rainy season with traditional rice variety"ponhea sea'' at chamkardaung crop station,(ការប្រៀបធៀបការប្រើប្រាស់អាយុសំណាបលើទិន្នផល​ស្រូូវវស្សាលើពូជស្រូវប្រពៃណី''ពញាសេះ''នៅស្ថានីយ៍ពិសោធន៍ដំណាំចំការដូង)
260 _aphnom penh
_bRUA
_c2003
300 _a47p.
_cill.
856 _uhttps://drive.google.com/file/d/1RI8kHpyyyfvaTLBU4Yen3bPZ5j5rmhFw/view?usp=sharing
942 _cAGR
999 _c576
_d576